Introducció al control de sistemes instrumentals basats en GPIB /
Publicado:
Barcelona :
Escola Universitària d'Enginyeria Tècnica Industrial, Departament d'Electrònica ,
1983
Descripción Física:
83 p., [14] f. ; 30 cm
Otros Autores:
Realp i Solé, Eusebi, dir
Materias:
Informàtica
MARC
| LEADER | 00000nam a2200000Ia 4500 | ||
|---|---|---|---|
| 001 | 1970 | ||
| 008 | 160829s1983 xx 000 0 cat d | ||
| 080 | |a C-1-531 | ||
| 100 | |a Piqué, Robert |9 19631 | ||
| 245 | |a Introducció al control de sistemes instrumentals basats en GPIB / |c Robert Piqué ; direcció: Eusebi Realp | ||
| 260 | |a Barcelona : |b Escola Universitària d'Enginyeria Tècnica Industrial, Departament d'Electrònica, |c 1983 | ||
| 300 | |a 83 p., [14] f. ; |c 30 cm | ||
| 650 | |a Informàtica |9 41043 | ||
| 700 | |a Realp i Solé, Eusebi, dir. |9 19633 | ||
| 710 | |a Escola Universitària d'Enginyeria Tècnica Industrial de Barcelona. |b Departament d'Electrònica |9 70051 | ||
| 901 | |a Arxiu | ||
| 942 | |n 1 | ||
| 952 | |0 0 |1 0 |4 0 |6 C1531 |7 1 |9 41290 |a Arxiu |b Arxiu |d 2016-12-01 |l 0 |o C-1-531 |p 1970 |r 2016-12-01 00:00:00 |w 2016-12-01 |y ARXIU | ||
| 999 | |c 43073 |d 43073 | ||